[Event "TUR-ch U13-U18"]
[Site "Antalya"]
[Date "2020.01.24"]
[Round "10"]
[White "Tosun, Burak Enes"]
[Black "Eken, Sevki Kivanc"]
[Result "0-1"]
[WhiteElo "1522"]
[BlackElo "1430"]
[PlyCount "124"]
[EventDate "2020.01.19"]
[EventType "swiss"]
[EventRounds "11"]
[EventCountry "TUR"]
[SourceTitle "CBM 195 Extra"]
[Source "ChessBase"]
[SourceDate "2020.05.31"]
[SourceVersion "1"]
[SourceVersionDate "2020.05.31"]
[SourceQuality "1"]

1. d4 c5 2. dxc5 e6 3. Nc3 Bxc5 4. Ne4 Be7 5. Bf4 d5 6. Nc3 Nc6 7. Nf3 Nf6 8. e3 0-0 9. Bd3 a6 10. 0-0 b6 11. Qe2 Nd7 12. Bg3 Bb7 13. Rad1 b5 14. Rfe1 Nc5 15. e4 Nxd3 16. Rxd3 Nb4 17. Rdd1 Qb6 18. a3 dxe4 19. Nxe4 Nd5 20. Ne5 Qa7 21. c4 bxc4 22. Nxc4 Nb6 23. Nxb6 Qxb6 24. Rd7 Bxe4 25. Qxe4 Bf6 26. Rb7 Qd8 27. h3 h6 28. Bc7 Qd2 29. Bf4 Qd5 30. Be5 Qxe4 31. Rxe4 Bxe5 32. Rxe5 Rfb8 33. Rxb8+ Rxb8 34. b4 Rb5 35. Rc5 Kf8 36. Kf1 Rxc5 37. bxc5 Ke7 38. Ke2 Kd7 39. Kd3 Kc6 40. Kc4 a5 41. f4 f6 42. Kd4 a4 43. g4 g5 44. fxg5 hxg5 45. Kc4 f5 46. Kd4 f4 47. h4 gxh4 48. g5 h3 49. g6 h2 50. g7 h1Q 51. g8Q Qd5+ 52. Kc3 Qxc5+ 53. Kb2 Qd4+ 54. Kc2 e5 55. Qe8+ Kd5 56. Qa8+ Ke6 57. Qe8+ Kf5 58. Qf7+ Ke4 59. Qg6+ Ke3 60. Qg1+ Ke2 61. Qg2+ Qf2 62. Qe4+ Kf1+ 0-1